| 000 | 01937nam0a2200349 4500 | ||
|---|---|---|---|
| 001 | RU\NLR\bibl\1823545 | ||
| 005 | 20260408220421.0 | ||
| 010 |
_a978-5-9644-0130-8 _9100 |
||
| 021 |
_aRU _b2011-74237 _95281 |
||
| 035 | _a(nilc)RSL-KNO-005029480 | ||
| 035 | _a(NLR Aleph) 001814085 | ||
| 090 |
_a1913008 _c1913008 |
||
| 100 | _a20110926d2011 |||y0rusy50 ca | ||
| 101 | 0 | _arus | |
| 102 | _aRU | ||
| 105 | _aa zzzz||||| | ||
| 200 | 1 | _aМатериалы Международной научно-практической конференции "Инновационное инженерное образование (модели, технологии, опыт и перспективы)", 3 марта 2011 года | |
| 210 |
_aНевинномысск _cНГГТИ _d2011 |
||
| 215 |
_a270 с. _cил., табл. _d21 |
||
| 300 | _aВ надзаг.: М-во образования Ставропольского края, Гос. образовательное учреждение высш. проф. образования "Невинномысский гос. гуманитар.-техн. ин-т", Политехн. фак. | ||
| 320 | _aБиблиогр. в примеч. в конце докл. | ||
| 606 |
_aВысшее техническое образование _xИнновации _jСъезды, совещания и т.п _3RU\NLR\AUTH\6601752913 _92664886 |
||
| 686 | 1 | _aЧ488.712я431 | |
| 710 | 1 | 2 |
_a"Инновационное инженерное образование (модели, технологии, опыт и перспективы)", международная научно-практическая конференция _f2011 _eНевинномысск _3RU\NLR\AUTH\8810196359 _9281830 |
| 801 | 0 |
_aRU _bRuMoRKP _c20110926 _grcr |
|
| 801 | 1 |
_aRU _bRuMoRGB _c20110926 |
|
| 801 | 2 |
_aRU _bNLR _c20111020 _grcr |
|
| 942 | _cBOOK | ||
| 980 | _aNB | ||
| 980 | _aNBR | ||